HUTAN simpan Air Hitam, Puchong, Selangor Darul Ehsan : Aktiviti, pembangunan dan perancangan, Fakulti Perhutanan, Universiti Pertanian Malaysia :

Bibliographic Details
Other Authors: Faridah Hanum Ibrahim
Format: Book
Published: Serdang, Selangor : University Pertanian Malaysia , 1993
Subjects:

MARC

LEADER 00000cam a2200000 7i4500
001 0000000345
005 20011204.0
090 0 0 |a R634.92809595115   |b HUT 1993 
245 0 0 |a HUTAN simpan Air Hitam, Puchong, Selangor Darul Ehsan :   |b Aktiviti, pembangunan dan perancangan, Fakulti Perhutanan, Universiti Pertanian Malaysia :   |b (1975-1992)   |c oleh Faridah Hanum Ibrahim ... [et al] 
260 0 0 |a Serdang, Selangor :   |b University Pertanian Malaysia ,   |c 1993 
300 |a Various pagings :   |b ill., maps ;   |c 30 cm. 
650 0 0 |a Forest management   |z Selangor 
650 0 0 |a Forest reserves   |z Selangor 
700 0 1 |a Faridah Hanum Ibrahim 
998 |a JPSM 
999 |a 0000001518   |b Monograph   |c Reference   |e Default branch